<?xml version="1.0" encoding="UTF-8"?>
<record
    xmlns:xsi="http://www.w3.org/2001/XMLSchema-instance"
    xsi:schemaLocation="http://www.loc.gov/MARC21/slim http://www.loc.gov/standards/marcxml/schema/MARC21slim.xsd"
    xmlns="http://www.loc.gov/MARC21/slim">

  <leader>02350nam0a2200409   4500</leader>
  <controlfield tag="001">RU\NLR\bibl\1281180</controlfield>
  <controlfield tag="005">20260407073550.0</controlfield>
  <datafield tag="010" ind1=" " ind2=" ">
    <subfield code="a">978-5-7205-0926-2</subfield>
    <subfield code="9">1000</subfield>
  </datafield>
  <datafield tag="021" ind1=" " ind2=" ">
    <subfield code="a">RU</subfield>
    <subfield code="b">2008-61372</subfield>
    <subfield code="9">3458</subfield>
  </datafield>
  <datafield tag="035" ind1=" " ind2=" ">
    <subfield code="a">(NLR Aleph) 001266951</subfield>
  </datafield>
  <datafield tag="090" ind1=" " ind2=" ">
    <subfield code="a">414739</subfield>
    <subfield code="c">414739</subfield>
  </datafield>
  <datafield tag="100" ind1=" " ind2=" ">
    <subfield code="a">20081003d2008    |||y0rusy50      ca</subfield>
  </datafield>
  <datafield tag="101" ind1="0" ind2=" ">
    <subfield code="a">rus</subfield>
  </datafield>
  <datafield tag="102" ind1=" " ind2=" ">
    <subfield code="a">RU</subfield>
  </datafield>
  <datafield tag="105" ind1=" " ind2=" ">
    <subfield code="a">y   |||||||||</subfield>
  </datafield>
  <datafield tag="200" ind1="1" ind2=" ">
    <subfield code="a">&#x41A;&#x43E;&#x43C;&#x43C;&#x435;&#x43D;&#x442;&#x430;&#x440;&#x438;&#x439; &#x43A; &#x424;&#x435;&#x434;&#x435;&#x440;&#x430;&#x43B;&#x44C;&#x43D;&#x43E;&#x43C;&#x443; &#x437;&#x430;&#x43A;&#x43E;&#x43D;&#x443; &#x43E;&#x442; 2 &#x43E;&#x43A;&#x442;&#x44F;&#x431;&#x440;&#x44F; 2007 &#x433;. N&#xB0; 229-&#x424;&#x417; &#x41E;&#x431; &#x438;&#x441;&#x43F;&#x43E;&#x43B;&#x43D;&#x438;&#x442;&#x435;&#x43B;&#x44C;&#x43D;&#x43E;&#x43C; &#x43F;&#x440;&#x43E;&#x438;&#x437;&#x432;&#x43E;&#x434;&#x441;&#x442;&#x432;&#x435;</subfield>
    <subfield code="e">(&#x43F;&#x43E;&#x441;&#x442;&#x430;&#x442;&#x435;&#x439;&#x43D;&#x44B;&#x439;)</subfield>
    <subfield code="f">&#x41A;.&#x412;. &#x410;&#x43B;&#x435;&#x445;&#x438;&#x43D;, &#x41B;.&#x412;. &#x41A;&#x443;&#x437;&#x43D;&#x435;&#x446;&#x43E;&#x432;&#x430;</subfield>
  </datafield>
  <datafield tag="210" ind1=" " ind2=" ">
    <subfield code="a">&#x41C;&#x43E;&#x441;&#x43A;&#x432;&#x430;</subfield>
    <subfield code="c">&#x42E;&#x441;&#x442;&#x438;&#x446;&#x438;&#x43D;&#x444;&#x43E;&#x440;&#x43C;</subfield>
    <subfield code="d">2008</subfield>
  </datafield>
  <datafield tag="215" ind1=" " ind2=" ">
    <subfield code="a">511 &#x441;.</subfield>
    <subfield code="d">21</subfield>
  </datafield>
  <datafield tag="225" ind1="1" ind2=" ">
    <subfield code="a">&#x41A;&#x43E;&#x43C;&#x43C;&#x435;&#x43D;&#x442;&#x430;&#x440;&#x438;&#x439; &#x441;&#x43F;&#x435;&#x446;&#x438;&#x430;&#x43B;&#x438;&#x441;&#x442;&#x430;</subfield>
  </datafield>
  <datafield tag="225" ind1="1" ind2=" ">
    <subfield code="a">&#x411;&#x438;&#x431;&#x43B;&#x438;&#x43E;&#x442;&#x435;&#x43A;&#x430; &#x436;&#x443;&#x440;&#x43D;&#x430;&#x43B;&#x430; &#x41F;&#x440;&#x430;&#x432;&#x43E; &#x438; &#x44D;&#x43A;&#x43E;&#x43D;&#x43E;&#x43C;&#x438;&#x43A;&#x430;</subfield>
  </datafield>
  <datafield tag="300" ind1=" " ind2=" ">
    <subfield code="a">&#x417;&#x430;&#x433;&#x43B;. &#x43E;&#x431;&#x43B;.: &#x41E;&#x431; &#x438;&#x441;&#x43F;&#x43E;&#x43B;&#x43D;&#x438;&#x442;&#x435;&#x43B;&#x44C;&#x43D;&#x43E;&#x43C; &#x43F;&#x440;&#x43E;&#x438;&#x437;&#x432;&#x43E;&#x434;&#x441;&#x442;&#x432;&#x435;: &#x43F;&#x43E;&#x441;&#x442;&#x430;&#x442;&#x435;&#x439;&#x43D;&#x44B;&#x439; &#x43A;&#x43E;&#x43C;&#x43C;&#x435;&#x43D;&#x442;&#x430;&#x440;&#x438;&#x439; &#x43A; &#x424;&#x435;&#x434;&#x435;&#x440;&#x430;&#x43B;&#x44C;&#x43D;&#x43E;&#x43C;&#x443; &#x437;&#x430;&#x43A;&#x43E;&#x43D;&#x443;</subfield>
  </datafield>
  <datafield tag="320" ind1=" " ind2=" ">
    <subfield code="a">&#x411;&#x438;&#x431;&#x43B;&#x438;&#x43E;&#x433;&#x440;. &#x432; &#x43F;&#x43E;&#x434;&#x441;&#x442;&#x440;&#x43E;&#x447;. &#x43F;&#x440;&#x438;&#x43C;.</subfield>
  </datafield>
  <datafield tag="512" ind1="1" ind2=" ">
    <subfield code="6">z01790</subfield>
    <subfield code="a">&#x41E;&#x431; &#x438;&#x441;&#x43F;&#x43E;&#x43B;&#x43D;&#x438;&#x442;&#x435;&#x43B;&#x44C;&#x43D;&#x43E;&#x43C; &#x43F;&#x440;&#x43E;&#x438;&#x437;&#x432;&#x43E;&#x434;&#x441;&#x442;&#x432;&#x435;</subfield>
    <subfield code="e">&#x43F;&#x43E;&#x441;&#x442;&#x430;&#x442;&#x435;&#x439;&#x43D;&#x44B;&#x439; &#x43A;&#x43E;&#x43C;&#x43C;&#x435;&#x43D;&#x442;&#x430;&#x440;&#x438;&#x439; &#x43A; &#x424;&#x435;&#x434;&#x435;&#x440;&#x430;&#x43B;&#x44C;&#x43D;&#x43E;&#x43C;&#x443; &#x437;&#x430;&#x43A;&#x43E;&#x43D;&#x443;</subfield>
  </datafield>
  <datafield tag="606" ind1="1" ind2=" ">
    <subfield code="a">&#x418;&#x441;&#x43F;&#x43E;&#x43B;&#x43D;&#x438;&#x442;&#x435;&#x43B;&#x44C;&#x43D;&#x43E;&#x435; &#x43F;&#x440;&#x43E;&#x438;&#x437;&#x432;&#x43E;&#x434;&#x441;&#x442;&#x432;&#x43E;</subfield>
    <subfield code="j">&#x417;&#x430;&#x43A;&#x43E;&#x43D;&#x43E;&#x434;&#x430;&#x442;&#x435;&#x43B;&#x44C;&#x43D;&#x44B;&#x435; &#x43C;&#x430;&#x442;&#x435;&#x440;&#x438;&#x430;&#x43B;&#x44B;</subfield>
    <subfield code="j">&#x41A;&#x43E;&#x43C;&#x43C;&#x435;&#x43D;&#x442;&#x430;&#x440;&#x438;&#x438;</subfield>
    <subfield code="y">&#x420;&#x43E;&#x441;&#x441;&#x438;&#x439;&#x441;&#x43A;&#x430;&#x44F; &#x424;&#x435;&#x434;&#x435;&#x440;&#x430;&#x446;&#x438;&#x44F;</subfield>
    <subfield code="9">2085156</subfield>
    <subfield code="3">RU\NLR\auth\661261268</subfield>
  </datafield>
  <datafield tag="686" ind1=" " ind2=" ">
    <subfield code="a">&#x425;629.217.7-39(2&#x420;)</subfield>
  </datafield>
  <datafield tag="700" ind1=" " ind2="1">
    <subfield code="4">070</subfield>
    <subfield code="8">rus</subfield>
    <subfield code="7">ca</subfield>
    <subfield code="a">&#x410;&#x43B;&#x435;&#x445;&#x438;&#x43D;</subfield>
    <subfield code="b">&#x41A;. &#x412;.</subfield>
    <subfield code="g">&#x41A;&#x438;&#x440;&#x438;&#x43B;&#x43B; &#x412;&#x44F;&#x447;&#x435;&#x441;&#x43B;&#x430;&#x432;&#x43E;&#x432;&#x438;&#x447;</subfield>
    <subfield code="3">RU\NLR\auth\7774196</subfield>
    <subfield code="9">57124</subfield>
  </datafield>
  <datafield tag="701" ind1=" " ind2="1">
    <subfield code="4">070</subfield>
    <subfield code="8">rus</subfield>
    <subfield code="7">ca</subfield>
    <subfield code="a">&#x41A;&#x443;&#x437;&#x43D;&#x435;&#x446;&#x43E;&#x432;&#x430;</subfield>
    <subfield code="b">&#x41B;. &#x412;.</subfield>
    <subfield code="c">&#x43A;&#x430;&#x43D;&#x434;. &#x44E;&#x440;&#x438;&#x434;. &#x43D;&#x430;&#x443;&#x43A;</subfield>
    <subfield code="g">&#x41B;&#x44E;&#x431;&#x43E;&#x432;&#x44C; &#x412;&#x438;&#x43A;&#x442;&#x43E;&#x440;&#x43E;&#x432;&#x43D;&#x430;</subfield>
    <subfield code="3">RU\NLR\auth\7751765</subfield>
    <subfield code="9">34698</subfield>
  </datafield>
  <datafield tag="742" ind1=" " ind2="1">
    <subfield code="a">&#x420;&#x43E;&#x441;&#x441;&#x438;&#x439;&#x441;&#x43A;&#x430;&#x44F; &#x424;&#x435;&#x434;&#x435;&#x440;&#x430;&#x446;&#x438;&#x44F;</subfield>
    <subfield code="t">&#x417;&#x430;&#x43A;&#x43E;&#x43D;&#x44B;</subfield>
    <subfield code="3">RU\NLR\AUTH\883331</subfield>
    <subfield code="9">277893</subfield>
  </datafield>
  <datafield tag="790" ind1=" " ind2="1">
    <subfield code="4">070</subfield>
    <subfield code="8">rus</subfield>
    <subfield code="7">ca</subfield>
    <subfield code="a">&#x410;&#x43B;&#x435;&#x445;&#x438;&#x43D;</subfield>
    <subfield code="b">&#x41A;. &#x412;.</subfield>
    <subfield code="g">&#x41A;&#x438;&#x440;&#x438;&#x43B;&#x43B; &#x412;&#x44F;&#x447;&#x435;&#x441;&#x43B;&#x430;&#x432;&#x43E;&#x432;&#x438;&#x447;</subfield>
    <subfield code="3">RU\NLR\auth\7774196</subfield>
    <subfield code="9">57124</subfield>
  </datafield>
  <datafield tag="790" ind1=" " ind2="1">
    <subfield code="4">070</subfield>
    <subfield code="8">rus</subfield>
    <subfield code="7">ca</subfield>
    <subfield code="a">&#x41A;&#x443;&#x437;&#x43D;&#x435;&#x446;&#x43E;&#x432;&#x430;</subfield>
    <subfield code="b">&#x41B;. &#x412;.</subfield>
    <subfield code="c">&#x43A;&#x430;&#x43D;&#x434;. &#x44E;&#x440;&#x438;&#x434;. &#x43D;&#x430;&#x443;&#x43A;</subfield>
    <subfield code="g">&#x41B;&#x44E;&#x431;&#x43E;&#x432;&#x44C; &#x412;&#x438;&#x43A;&#x442;&#x43E;&#x440;&#x43E;&#x432;&#x43D;&#x430;</subfield>
    <subfield code="3">RU\NLR\auth\7751765</subfield>
    <subfield code="9">34698</subfield>
  </datafield>
  <datafield tag="801" ind1=" " ind2="0">
    <subfield code="a">RU</subfield>
    <subfield code="b">NLR</subfield>
    <subfield code="c">20081003</subfield>
    <subfield code="g">RCR</subfield>
  </datafield>
  <datafield tag="801" ind1=" " ind2="1">
    <subfield code="a">RU</subfield>
    <subfield code="b">NLR</subfield>
    <subfield code="c">20081003</subfield>
  </datafield>
  <datafield tag="830" ind1=" " ind2=" ">
    <subfield code="a">&#x410;&#x432;&#x442;. &#x43F;&#x43E; &#x43A;&#x43D;</subfield>
  </datafield>
  <datafield tag="942" ind1=" " ind2=" ">
    <subfield code="c">BOOK</subfield>
  </datafield>
  <datafield tag="980" ind1=" " ind2=" ">
    <subfield code="a">NB</subfield>
  </datafield>
  <datafield tag="995" ind1=" " ind2=" ">
    <subfield code="5">2008-10-03</subfield>
    <subfield code="a">ad</subfield>
    <subfield code="b">NLR01</subfield>
    <subfield code="c">NLR01</subfield>
    <subfield code="e">RF9</subfield>
    <subfield code="f">2767001</subfield>
    <subfield code="k">2008-3/29857</subfield>
    <subfield code="o">0</subfield>
    <subfield code="r">BOOK</subfield>
    <subfield code="s">2008329857_</subfield>
  </datafield>
  <datafield tag="995" ind1=" " ind2=" ">
    <subfield code="5">2008-10-03</subfield>
    <subfield code="a">ad</subfield>
    <subfield code="b">NLR01</subfield>
    <subfield code="c">NLR01</subfield>
    <subfield code="e">RF9</subfield>
    <subfield code="f">2767003</subfield>
    <subfield code="k">2008-3/29857</subfield>
    <subfield code="o">0</subfield>
    <subfield code="r">BOOK</subfield>
    <subfield code="s">2008329857_</subfield>
  </datafield>
</record>
